000 01054nam a2200241 u 4500
001 000307179
003 AM-YeHGA
005 20250618071952.0
008 040211s1969 ai r 000 0 arm d
040 _aAM-YeHGA
041 0 _aarm
080 _a616B3
090 _aՄ-53
100 1 _aՄելքումյան, Փարիկ Բախշևի
245 1 0 _aԱղիքային հիվանդությունների տարածման ուղիները և նրանց կանխարգելումը /
_cՓ.Բ. Մելքումյան, Ա.Վ. Չիլինգարյան; ՀՍՍՀ Առողջապահ. մինիստր. հանրապետ. սանլուստուն.
260 _aԵրևան :
_bՀայաստան,
_c1969.
300 _a24 էջ ;
_c20 սմ.
650 1 4 _aՎարակիչ հիվանդություններ
_94609
650 1 4 _aԱղիքային հիվանդություններ
700 1 _aՉիլինգարյան, Ա.Վ.
710 2 _aՀՍՍՀ Առողջապահության մինիստրության հանրապետական սանլուստուն
090 _c114645
999 _c113306
_d113306